Biblioteca

Un tal Jesús (Registro nro. 31986)

Detalles MARC
000 -LÍDER
Campo fijo de descripción fija 01319aam a2200313 i 4500
001 - NÚMERO DE CONTROL
Campo de control 768714001
003 - IDENTIFICADOR DEL NÚMERO DE CONTROL
Campo de control CO-MdFUSB
005 - FECHA Y HORA DE LA ULTIMA TRANSACCIÓN
control field 20260123115753.0
007 - CAMPO FIJO DE DESCRIPCIÓN FIJA--INFORMACIÓN GENERAL
Campo fijo de descripción fija ta
008 - ELEMENTOS DE LONGITUD FIJA -- INFORMACIÓN GENERAL
Campo fijo de descripción fija -- Información general 260123t1998 -us |||| |||| 00| 0 spa d
020 ## - NÚMERO INTERNACIONAL NORMALIZADO PARA LIBROS
Número Internacional Normalizado del libro 0-8297-1695-5
040 ## - FUENTE DE CATALOGACIÓN
Agencia que realiza la transcripción CO-MdFUSB
041 0# - CÓDIGO DE IDIOMA
Código de idioma para texto/pista de sonido o título separado spa
082 04 - NÚMERO DE CLASIFICACIÓN DECIMAL DEWEY
Número de la edición del Dewey 23
Número de clasificación 232
Clave de autor-Numero de item J371u
100 1# - ASIENTO PRINCIPAL--NOMBRE PERSONAL
Nombre personal Jaramillo Cárdenas, Luciano
Término relacionador autor
245 10 - TÍTULO
Título del Material Un tal Jesús
Mención de responsabilidad, etc. / Luciano Jaramillo
264 #1 - PRODUCCIÓN, PUBLICACIÓN, DISTRIBUCIÓN, MANUFACTURA, Y COPYRIGHT
Nombre del productor, publicador, distribuidor Vida,
Lugar de producción, publicación, distribución, manufactura Miami, FL., USA :
Fecha de producción, publicación, distribución, manufactura, o copyright [1998]
264 #4 - PRODUCCIÓN, PUBLICACIÓN, DISTRIBUCIÓN, MANUFACTURA, Y COPYRIGHT
Fecha de producción, publicación, distribución, manufactura, o copyright ©1998
300 ## - DESCRIPCIÓN FÍSICA
Extensión 155 páginas
Dimensiones ; 22 cm
336 ## - TIPO DE CONTENIDO
Término de tipo de contenido texto
Código de tipo de contenido txt
Fuente rdacontent
337 ## - TIPO DE MEDIO
Fuente rdamedia
Nombre del tipo de medio sin mediación
Código del tipo de medio n
338 ## - TIPO DE SOPORTE
Fuente rdacarrier
Nombre del tipo de soporte volumen
Código Tipo de soporte nc
505 ## - NOTA DE CONTENIDO
Nota de contenido con formato preestablecido A manera de introducción. -- Un Cristo actual. -- Un hombre como nosotros. -- ¡He aquí el hombre! -- Jesucristo, "El Dios insertado" -- Jesús, hombre de hogar. -- Jesús obrero. -- Los descansos de Jesús. -- El gran comunicador. -- El buen humor de Jesús. -- Jesús el maestro. -- Jesús, el pacificador. -- Jesús misionero. -- Jesús sanador. -- Jesús abogado. -- Jesús y la política. -- Jesús y las mujeres. -- El que volvió de la tumba. -- Jesús, garante de la vida. -- El Rey que vendrá. -- Se necesita un Hombre.
563 ## - NOTA DE ENCUADERNACIÓN
Nota de encuadernación Rústico
650 #7 - ASIENTO SECUNDARIO DE MATERIA - TERMINO TEMÁTICO
Término temático o nombre geográfico como elemento de entrada Cristología
9 (RLIN) 239
653 ## - TÉRMINO DE INDIZACIÓN - NO CONTROLADO
Término no controlado Jesucristo
942 ## - TIPO DE MATERIAL (KOHA)
Tipo de Item KOHA Libros General
945 ## - INFORMACIÓN LOCAL DEL REGISTRO
Catalogador JTF-925
Existencias
Estado de Material Estado de Perdido Forma de Clasificación Estado de Dañado No para Préstamo Colección Tomo Biblioteca de Origen Biblioteca Permanente Fecha de Adquisición Área Total de Préstamos Signatura Topográfica Código de Barras Última vez visto Última vez Préstado Ejemplar/Existencia Fecha de Remplazo Tipo de Material Nota Pública
    Dewey Decimal Classification     Colección General   Biblioteca FUSBC Biblioteca FUSBC 23/01/2026 TEOLOGÍA CRISTIANA 1 G 232 J371u 23922 19/09/2022 07/09/2017 Ej. 1 26/01/2016 Libros General libro reemplazado el 24 de enero de 2026

Biblioteca FUSBC | Teléfono: (57+4) 349 88 10 Ext. 141| WhatsApp (+57) 3005338115 
E-mail: biblioteca@unisbc.edu.co | Calle 76 87-14 Robledo Palenque, Medellín, Colombia

Con tecnología Koha